[Event "Asian Games (Women)"]
[Site "Hangzhou"]
[Date "2023.09.26"]
[Round "7"]
[White "Yakubbaeva, Nilufar"]
[Black "Seo, Jiwon"]
[Result "1-0"]
[WhiteElo "2322"]
[BlackElo "1742"]
[PlyCount "99"]
[EventDate "2023.09.24"]
[EventType "swiss (rapid)"]
[EventRounds "9"]
[EventCountry "CHN"]
[SourceTitle "EXT 2024"]
[Source "ChessBase"]
[SourceDate "2023.10.10"]
[SourceVersion "1"]
[SourceVersionDate "2023.10.10"]
[SourceQuality "1"]

1. d4 Nf6 2. c4 c5 3. dxc5 e6 4. Nc3 Bxc5 5. e3 Nc6 6. Nf3 0-0 7. Bd3 d5 8. cxd5 exd5 9. 0-0 Bg4 10. Be2 Rc8 11. Nb5 a6 12. Nbd4 Nxd4 13. exd4 Bd6 14. Be3 Qe7 15. Qb3 h6 16. Rac1 Rfe8 17. h3 Bh5 18. a3 Qd7 19. Rxc8 Rxc8 20. Rc1 Rxc1+ 21. Bxc1 Qc6 22. Be3 b5 23. Qd1 Ne4 24. Nh4 Bxe2 25. Qxe2 Qc4 26. Qg4 Qc2 27. g3 Nf6 28. Qf5 Qxb2 29. Bxh6 Qxd4 30. Qc8+ Bf8 31. Be3 Qa1+ 32. Kg2 Qxa3 33. Nf5 Ne4 34. Bd4 Nf6 35. Nxg7 Qe7 36. Nf5 Qe4+ 37. Kh2 Qe8 38. Qc1 Nh7 39. Ba1 Qe2 40. Kg1 Qe8 41. Qc3 f6 42. Ne3 Qe6 43. Qd3 Bg7 44. h4 Qe4 45. Qd1 Qe6 46. Nxd5 Nf8 47. Nf4 Qd7 48. Qb3+ Kh8 49. h5 Bh6 50. Bxf6+ 1-0

[Event "Online Olym Div3 A"]
[Site "Chess.com INT"]
[Date "2020.08.08"]
[Round "6.1"]
[White "Dornbusch, Tatiana"]
[Black "Seo, Jiwon"]
[Result "1-0"]
[WhiteElo "2268"]
[BlackElo "1407"]
[PlyCount "95"]
[EventDate "2020.08.07"]
[EventType "team-tourn (rapid)"]
[EventRounds "9"]
[EventCountry "USA"]
[SourceTitle "CBM 198"]
[Source "ChessBase"]
[SourceDate "2020.10.31"]
[SourceVersion "1"]
[SourceVersionDate "2020.10.31"]
[SourceQuality "1"]
[WhiteTeam "Monaco"]
[BlackTeam "South Korea"]
[WhiteTeamCountry "MNC"]
[BlackTeamCountry "KOR"]

1. d4 d5 2. c4 e6 3. Nc3 Nf6 4. Bf4 c6 5. e3 Nbd7 6. Qc2 Bb4 7. Bd3 dxc4 8. Bxc4 Nb6 9. Bd3 Nbd5 10. Bg3 h6 11. Nge2 Bd6 12. a3 Bxg3 13. hxg3 Qd6 14. e4 Nxc3 15. Qxc3 Nd7 16. e5 Qe7 17. Rc1 Nb6 18. Be4 Bd7 19. Qf3 Nd5 20. Qg4 g5 21. Qf3 f5 22. exf6 Nxf6 23. Bg6+ Kd8 24. 0-0 h5 25. Qe3 h4 26. Qxg5 hxg3 27. fxg3 Nd5 28. Qe5 Rg8 29. Rf7 Qe8 30. Bh5 Rf8 31. Rcf1 Rxf7 32. Rxf7 Qg8 33. Qd6 Qe8 34. Rf8 Qxf8 35. Qxf8+ Kc7 36. Qxa8 a6 37. Qf8 b5 38. Nf4 Nxf4 39. gxf4 a5 40. Qe7 Kc8 41. g4 a4 42. g5 Kc7 43. Be8 Kb6 44. Qxd7 b4 45. Qxc6+ Ka7 46. Bd7 Kb8 47. Bc8 Ka7 48. Qb7# 1-0